000 00780nam a2200229Ia 4500
003 GCL
008 140319s9999 xx 000 0 ara d
040 _aGCL /
_cGCL
082 0 4 _a020
_bع م
100 1 _aعمر احمد همشرى
245 1 0 _aالمرجع فى علم المكتبات والمعلومات /
_cعمر احمد همشرى
700 1 _aيحيى مصطفى عليان
260 _aالاردن :
_bدار الشروق ،
_c1997
300 _a587 ص ؛
_c23 سم
650 0 4 _aمكتبات الاطفال
650 0 4 _aالمكتبات الجامعية
650 0 4 _aمراكز المعلومات
650 0 4 _aالمكتبات المتخصصة
650 0 4 _aالمكتبات العامة
650 0 4 _aالمكتبات، علم
942 _2ddc
_cBK
999 _c51787
_d51787